Электрохимия: прошедшие тридцать и будущие тридцать лет: пер. с англ.

Detalles Bibliográficos
Outros autores: Блум Г. (редактор), Гутман Ф.
Summary:Дан обзор итогов развития электрохимии и технологии электрохимических производств за прошедшие 30 лет. Рассмотрены перспективы дальнейшего развития этих областей (процесс электрокатализа, электролиза расплавленных сред, коррозии, превращения энергии и др.). Особое внимание уделено проблемам электрохимии в связи с защитой окружающей среды. Предназначена для научных и инженерно-технических работников в области теоретической и прикладной электрохимии. Полезна преподавателям вузов, аспирантам и студентам, специализирующимся в области электрохимии.
Idioma:ruso
Publicado: Москва, Химия, 1982
Subjects:
Formato: Libro
KOHA link:https://koha.lib.tpu.ru/cgi-bin/koha/opac-detail.pl?biblionumber=45850

MARC

LEADER 00000nam0a2200000 4500
001 45850
005 20231101211000.0
035 |a (RuTPU)RU\TPU\book\47755 
090 |a 45850 
100 |a 20021217d1982 k y0rusy50 ca 
101 1 |a rus  |c eng 
102 |a RU 
105 |a a z 001zy 
200 1 |a Электрохимия: прошедшие тридцать и будущие тридцать лет  |e пер. с англ.  |f под ред. Г. Блума, Ф. Гутмана 
210 |a Москва  |c Химия  |d 1982 
215 |a 365 с.  |c ил. 
320 |a Библиогр. в конце глав 
320 |a Предм. указ.: с. 354-365 
330 |a Дан обзор итогов развития электрохимии и технологии электрохимических производств за прошедшие 30 лет. Рассмотрены перспективы дальнейшего развития этих областей (процесс электрокатализа, электролиза расплавленных сред, коррозии, превращения энергии и др.). Особое внимание уделено проблемам электрохимии в связи с защитой окружающей среды. Предназначена для научных и инженерно-технических работников в области теоретической и прикладной электрохимии. Полезна преподавателям вузов, аспирантам и студентам, специализирующимся в области электрохимии. 
606 1 |a Электрохимия  |2 stltpush  |3 (RuTPU)RU\TPU\subj\21014  |9 46066 
610 1 |a история 
610 1 |a 20 век 
610 1 |a перспективы 
610 1 |a электрокатализ 
610 1 |a электродные процессы 
610 1 |a коррозия 
610 1 |a металлургия 
610 1 |a электрохимические процессы 
610 1 |a минералы 
610 1 |a высокотемпературные электролиты 
610 1 |a библиотека А. Г. Стромберга 
675 |a 544.6  |v 4 
702 1 |a Блум  |b Г.  |4 340 
702 1 |a Гутман  |b Ф.  |4 340 
801 1 |a RU  |b 63413507  |c 20021217  |g PSBO 
801 2 |a RU  |b 63413507  |c 20180424  |g PSBO 
942 |c BK